00389nam a2200145Ia 4500008004100000020001500041041001200056082001600068100001200084245008200096260002900178300000800207650001600215700001200231221030s9999 xx 000 0 und d a8176562386 aEnglish a105.23bJai aM. Jain 0a"O" Level - Made Simple, Module - II Vol. I, PC Softwarecby M. Jain, S. Jain bBPB PubaNew Delhic2000 a441 aBE Computer aS. Jain